Ganadoras de RuPaul Drag Race - Estadísticas

Estadísticas generales
  • Esta prueba ha sido intentada 50 veces
  • La puntuación promedio es 21 de 26
Estadísticas de respuestas
Pista Respuesta % Correcto
RPDR-6 Bianca Del Rio
95%
RPDR-8 Bob the Drag Queen
93%
AS-4 Trinity the Tuck
90%
RPDR-10 Aquaria
88%
RPDR-3 Raja
88%
RPDR-15 Sasha Colby
85%
RPDR-9 Sasha Velour
85%
AS-3 Trixie Mattel
85%
AS-2 Alaska
83%
AS-4 Monét X Change
83%
RPDR-4 Sharon Needles
83%
RPDR-14 Willow Pill
83%
RPDR-11 Yvie Oddly
83%
RPDR-2 Tyra Sánchez
80%
AS-5 Shea Couleé
80%
RPDR-7 Violet Chachki
80%
RPDR-12 Jaida Essence Hall
78%
RPDR-5 Jinkx Monsoon
78%
AS-7 Jinkx Monsoon
78%
RPDR-16 Nymphia Wind
78%
AS-1 Chad Michaels
76%
RPDR - 1 BeBe Zahara Benet
76%
RPDR-13 Symone
76%
AS-8 Jimbo
66%
AS-6 Kylie Sonique Love
66%
AS-9 Angeria Paris VanMicheals
32%
No se encontraron pruebas coincidentes
Distribución de puntuación
Porcentaje de gente con cada puntuación
Porcentaje por número respondido
Historial de tus puntuaciones
No has intentado esta prueba.